| 000 | 00657cam a2200241 4500 | ||
|---|---|---|---|
| 008 | 000000n2001 000 0 eng u | ||
| 020 | _a1563086417 | ||
| 035 | _a(Sirsi) u108133 | ||
| 050 | _a025.3 | ||
| 100 | _aCleveland, Donald B. | ||
| 100 | _aCleveland, Ana D. | ||
| 245 | _aIntroduction to indexing and abstracting | ||
| 250 | _a3rd. ed. | ||
| 260 |
_aColorado, USA _bLibraries Unlimited _c2001 |
||
| 300 | _axii, 283p. ; 24cm. | ||
| 350 | _a40.50 | ||
| 650 | _aINDEXING | ||
| 650 | _aABSTRACTING | ||
| 650 | _aCATALOGUING | ||
| 650 | _aLIBRARIANSHIP | ||
| 690 | _aMANAGEMENT-BUSINESS MANAGEMENT-INFORMATION MANAGEMENT | ||
| 942 | _n0 | ||
| 999 |
_c100755 _d100755 |
||